000 00986npm a2200265 4500
001 5092
003 ES-MaACL
005 20240617154013.0
007 hzrazu bucu
008 890816r19891857sp a a 00010 spa d
022 _a1889-8440
080 _a05(464.1 Madrid) Museo Universal
080 _a05(46)
245 0 3 _aEl Museo Universal
_b: [Microforma].
260 _aMadrid :
_bAteneo Cientifico, Literario y Artistico,
_c1989.
300 _a4 carretes de microfilme :
_bnegativo, il. ;
_c35 mm.
500 _aPublicado originalmente: Madrid, Gaspar y Roig, 1857-1869.
500 _aContinuada por: La Ilustracion EspaƱola y Americana.
505 8 _aCarrete n. 1: 1857-1861 -- Carrete n. 2: 1862-1864 -- Carrete n. 3: 1865-1867 -- Carrete n. 4: 1868-1869
740 3 _aLa Ilustracion EspaƱola y Americana.
852 _aES-MaACL
_jM-107-110
_95209
_cDEPO1
942 _2udc
_cMONOGRAFIA
999 _c5092
_d5092